Normal view
MARC view
- China
Entry Geographic Name
001 - CONTROL NUMBER
- control field: 10238
003 - CONTROL NUMBER IDENTIFIER
- control field: NUST
005 - DATE AND TIME OF LATEST TRANSACTION
- control field: 20180419064206.0
008 - FIXED-LENGTH DATA ELEMENTS
- fixed length control field: 180419|| aca||aabn | a|a d
040 ## - CATALOGING SOURCE
- Original cataloging agency: NUST
- Transcribing agency: NUST
151 ## - HEADING--GEOGRAPHIC NAME
- Geographic name: China
- General subdivision: Commerce.
670 ## - SOURCE DATA FOUND
- Source citation: Work cat.: (NUST)0: Navarro, Peter. 10236, Death by China :, c2011.
